01643nam a22002177a 4500003000900000008004100009040007100050082002500121245007200146260003300218300002800251440005600279505088500335650001801220650002701238650003001265700003701295700003401332700003401366700002501400AR-CdUCM190425b ||||| |||| 00| 0 spa d aMUNICIPALIDAD PROVINCIAL DEL CUSCOcBIBLIOTECA MUNICIPAL DEL CUSCO aTupacAmaru/N°5/1965 aRevista Tupac Amaru :bÓrgano eventual de la provincia de Canas / aCusco :bH. G. Rozas,c1965. a66 páginas. :c28 cm. aRevista Tupac Amaru.nAño IV, Vol. IV, N°5, 1965 aContenido: Presencia de Canas. Octavio Linares. -- Canas escenario de la revolución de 1780. Juan de la Cruz Salas Sánchez. -- Programa de salud de la posta médica de Yanaoca para el año de 1965. Agustín Vela Córdova. -- El crédito agrario. Pedro Valcárcel Gamarra. -- Tupac Amaru y la creación de la audiencia del Cuzco. Alcides E. estrada. -- Historia de la reforma agraria. Alfredo Urrutia Lezama. -- Doña Micaela Bastidas Phuyuqhawa es otro simbolo excelso de la mujer andina. Juan de la Cruz Salas. -- La mujer caneña en la revolución emancipadora de América. Felicia Montufar de Medrano. -- 184 aniversario de la muerte de Tupac Amaru II. Teófilo Uscamayta. -- Nace un colegio para la altiva provincia de Canas. Toribio Cornejo Herrera. -- Nuestro homenaje día del Cusco. Germán Linares Gutiérrez. -- Poesía, arte. Justo Béjar Navarro. aTúpac Amaru aLevantamientos andinos aRebeliones anticoloniales aSalas Sánchez, Juan de la Cruz aMontufar de Medrano, Felicia aLinares Gutiérrez, Germán aUscamayta, Teófilo